Introduction to dynamic meteorology (Record no. 22701)

000 -LEADER
fixed length control field 00556nam a2200205 i 4500
001 - CONTROL NUMBER
control field 22701
003 - CONTROL NUMBER IDENTIFIER
control field BD-DhUET
008 - FIXED-LENGTH DATA ELEMENTS--GENERAL INFORMATION
fixed length control field 790416s1979 nyua b 001 0 eng
020 ## - INTERNATIONAL STANDARD BOOK NUMBER
International Standard Book Number 0122543606
040 ## - CATALOGING SOURCE
Original cataloging agency DLC
Transcribing agency DLC
Modifying agency BD-DhUET
082 00 - DEWEY DECIMAL CLASSIFICATION NUMBER
Classification number 551.5
Item number HOL/1979
100 1# - MAIN ENTRY--PERSONAL NAME
Personal name Holton, James R.
245 13 - TITLE STATEMENT
Title Introduction to dynamic meteorology
Statement of responsibility, etc. James R. Holton.
250 ## - EDITION STATEMENT
Edition statement 2nd ed.
260 ## - PUBLICATION, DISTRIBUTION, ETC. (IMPRINT)
Place of publication, distribution, etc. New York
Name of publisher, distributor, etc. Academic Press
Date of publication, distribution, etc. 1979
300 ## - PHYSICAL DESCRIPTION
Extent xii, 391 p.
Other physical details ill.
Dimensions 24 cm.
504 ## - BIBLIOGRAPHY, ETC. NOTE
Bibliography, etc Includes bibliographies
650 #0 - SUBJECT ADDED ENTRY--TOPICAL TERM
Topical term or geographic name as entry element Dynamic meteorology
942 ## - ADDED ENTRY ELEMENTS (KOHA)
Koha item type General Book
Holdings
Shelving location Location (home branch) Sublocation or collection (holding branch) Koha full call number Price effective from Date acquired Copy number Withdrawn status Source of classification or shelving scheme Not for loan Damaged status Koha date last seen Koha item type Piece designation (barcode) Koha normalized classification for sorting Lost status
Circulation sectionCentral Library, BUETCentral Library, BUET551.5/HOL/19792015-04-292015-04-291    2015-04-29General Book55822551_500000000000000_HOL_1979